000 00684nam a2200229 a 4500
005 20210223123906.0
008 991125n 000 0 spa u
035 _aUPN01000078210
100 1 _aCaplan, David,
_d1947-
_928650
222 _aREVISTA DE PSICOLOGIA GENERAL Y APLICADA
245 _aEvaluación nuerolingüistica de las alteraciones del lenguaje: II estudio de un caso
300 _a199-210
362 _a1996 49, no. 2, abr.
653 0 _aAFASIA
653 0 _aANOMIA
653 0 _aNEUROLINGUISTICA
653 0 _aPROBLEMAS DE LENGUAJE
700 _aRedal, Maria de Jesus
700 _aBenedet, Maria Jesus
_942398
904 _aAC
_b016021
905 _aArticulo
999 _c68585
_d68585